000 00891cam a2200265 i 4500
001 17808632
005 20180306082344.0
008 130711s2015 maua b 001 0 eng
010 _a 2013023206
020 _a9780321869838
020 _a0321869834
040 _aDLC
_beng
_cDLC
_erda
_dDLC
041 _aeng
042 _apcc
080 _a515 BAR
082 0 0 _a515 BAR
_223
100 1 _a36
101 _aMAT
245 1 0 _aCalculus for business, economics, life sciences, and social sciences /
_cRaymond A. Barnett, Merritt College, Michael R. Ziegler, Marquette University, Karl E. Byleen, Marquette University.
246 3 _aCalculus
504 _aIncludes bibliographical references and index.
906 _a7
_bcbc
_corignew
_d1
_eecip
_f20
_gy-gencatlg
942 _2ddc
_cBK
999 _c44203
_d44203